000 02057nam a22002177a 4500
003 OSt
005 20220107122849.0
008 190617b xxu||||| |||| 00| 0 eng d
040 _cIIITMK
100 _aBenshy Varghese (93617011)
_915774
245 _aSecure CAN messages for vehicle safety ECUs
300 _aMSC CS 2017-2019
500 _aCars sold today are computers on wheels, with dozens of embedded chips running millions of lines of code. Modern automobiles host more than 80 ECUs, which contain and implement a total of up to 100 million code lines to control safety-critical functionality. This fact and the close inter-connectivity of automotive ECUs open up new possibilities to attack these systems which impair the safe operation of the vehicle. So it is important to secure the information exchanged between these ECUs. We divide the ECUs into ve categories: Powertrain Control unit, Vehicle safety, Comfort, Infotainment, and Telematics. In Vehicle safety, there comes a need for faster encryption algorithms as it is mandatory that these algorithms should work accordingly. The response time from the Air Bag Unit ECU and ABS can't be less than a particular threshold. Also the messages from these ECUs should be encrypted. There comes a need for an encryption algorithm that meets the timing requirements. This project proposes an idea of encrypting the messages, from the vehicle safety ECU category, with an algorithm that meets compatible timing requirements. Based on the analysis of various algorithms, the one with smaller execution time and which is suitable for the CAN frame is selected for Encryption. CAN interface will be used for message simulation and CAPL scripting will be used for implementation and verication of Data Encryption Standard(DES) algorithm.
502 _bMSC CS
_c2017-2019
_dINT
_eMd. Meraj Uddin
648 _aECU
_915775
650 _aCAN
_915776
650 _aELECTRONIC CONTROL UNITS
_915777
650 _aCONTROL AREA NETWORK
_915778
650 _aDATA ENCRYPTION STANDARD
_915779
942 _2ddc
_cPR
999 _c6477
_d6477